Japanese semiconductor industry report
Wedi'i Gadw mewn:
| Fformat: | Llyfr |
|---|---|
| Iaith: | Undetermined |
| Cyhoeddwyd: |
Japan
Semiconductor Equipment and Materials institute, Inc
1983
|
| Pynciau: | |
| Tagiau: |
Ychwanegu Tag
Dim Tagiau, Byddwch y cyntaf i dagio'r cofnod hwn!
|
| Thư viện lưu trữ: | Trung tâm Học liệu Trường Đại học Cần Thơ |
|---|
| LEADER | 00563nam a2200181Ia 4500 | ||
|---|---|---|---|
| 001 | CTU_99130 | ||
| 008 | 210402s9999 xx 000 0 und d | ||
| 082 | |a 380 | ||
| 082 | |b J35 | ||
| 245 | 0 | |a Japanese semiconductor industry report | |
| 245 | 0 | |c Prepared by Nomura Research Institute Japan | |
| 260 | |a Japan | ||
| 260 | |b Semiconductor Equipment and Materials institute, Inc | ||
| 260 | |c 1983 | ||
| 650 | |a Semiconductor industry,Electronic industries | ||
| 650 | |z Japan,Japan | ||
| 904 | |i M.Loan | ||
| 980 | |a Trung tâm Học liệu Trường Đại học Cần Thơ | ||